000 00985cam a2200277 i 4500
001 1319512
003 ARRUPE
005 20160921090821.0
008 780907s1979 nyu b 100 0 eng
010 _a 78010604
020 _a0883440105
040 _aDLC
_cDLC
_dDLC
043 _af------
050 0 0 _aBT30.A4
_bP36 1977
082 0 0 _a276
110 _aAppiah-Kubi ,Kofi and Torres, Sergio
_eed.
_926017
245 1 0 _aAfrican theology en route :
_bpapers from the Pan-African conference of third world theologians, December 17-23, 1977, Accra, Ghana /
_cedited by Kofi Appiah-Kubi and Sergio Torres.
260 _aMaryknoll,
_bOrbis Books,
_c1979.
300 _ax, 214 p. ;
_c24 cm.
504 _aIncludes bibliographical references.
650 0 _aTheology, Doctrinal
_zAfrica
_xHistory
_xCongresses.
_926018
700 2 _aAppiah-Kubi, Kofi.
_926019
700 1 _aTorres, Sergio.
_926020
906 _a7
_bcbc
_corignew
_d1
_eocip
_f19
_gy-gencatlg
942 _2lcc
_cMONOGRAPH
999 _c125299
_d125299